Les télé-crochets - Statistiques

Statistiques générales
  • Ce quiz a été pris 30 fois
  • Le résultat moyen est 15 sur 25
Statistiques - réponses
Question Réponse % Correct
Qui a été jury de la Nouvelle star pendant 12 ans ? André Manoukian
100%
En 1998, l'émission créée par Boyer et Ardisson participe... au Tour de France
100%
Qui n'a jamais gagné la Nouvelle Star ? Claudio Capéo
100%
Qui n'a pas été parrain ou marraine de la Star Academy ? Elodie Fréfé
100%
Puis Laurent Boyer et Thierry Ardisson créent en 1996... Graine(s) de star
100%
Comment se nommait le télé-crochat de l'émission Télé-Dimanche de 1965 à 1972 ? Le jeu de la chance
100%
A quel télé-crochet a participé Amel Bent ? Nouvelle star
100%
En 2001, un concurrent apparait sur M6 Pop stars
100%
Qui n'a pas gagné la Star Academy ? Sofia Essaïdi
100%
A la recherche de la nouvelle star, après des débuts difficiles va connaitre de nombreuses saisons... Combien ? 13
50%
Qui n'a pas participé plus de 6 fois à l'émission créée par Boyer et Ardisson ? Alexandra Lamy
50%
Qui n'a jamais gagné un télé-crochet en France ? Amel Bent
50%
En 1988, le télé-crochet refait son apparition pendant l'été sous le nom de Bing parade
50%
En 2012, TF1 diffuse la première saison de The Voice. Quelle affirmation la concernant est fausse ? C'est Kendji Girac qui a gagné la saison
50%
Un mois après M6, TF1 crée son premier télé-crochet "moderne". Quelle n'est pas une nouveautés du programme ? des stars sont invitées à y participer
50%
Qui n'a pas présenté Le jeu de la chance ? Jean d'Arcy
50%
En 2004, c'est Pascal Sevran, qui anime alors la Chance aux chansons, qui crée son télé-crochet. Quelle affirmation concernant ce programme est fausse ? les candidats devaient avoir au moins 25 ans
50%
En 2003, une adaptation de l'émission britannique Pop Idol apparait sur M6
50%
Dans les années 2010, Rising Star ne parvient pas à convaincre et n'est diffusé qu"une saison. Quelle affirmation concernant ce programme est fausse. Rising Star a été diffusé en 2011 sur M6
50%
Qui a participé au télé-crochet de Télé-Dimanche ? Thierry Le Luron
50%
En 2009 et en 2011, M6 diffuse une nouvelle émission directement adaptée d'un programme anglais mais qui ne trouvera pas son public, il s'agit de... X Factor
50%
De 2001 à 2007, le vainqueur gagne notamment 1 million d'euros
0%
Combien de temps va durer le "Petit conservatoire de Mireille" ? 20 ans
0%
L'émission de M6 vient de Nouvelle-Zélande
0%
En 1955 débute le Petit conservatoire ce Mireille, qui ne tente PAS sa chance ? Dick Rivers
0%
Aucun quiz correspondant
Distribution des résultats
% des personnes avec chaque résultat
Percentile par nombre de réponses
Votre historique - résultats
Vous n’avez pas pris ce quiz